Southville International School and Colleges
Your cart is empty.
  • Cart
  • Lists
    Public lists Eva Luna New books Lux_list list_1
    Your lists Log in to create your own lists
  • Log in to your account
  • Your cookies
  • Search history
Southville International School and Colleges
  • Advanced search
  • Recent comments
  • Most popular
  • Libraries

Log in to your account

Log in with GOOGLE


If you do not have an external account, but do have a local account, you can still log in:

  1. Home
  2. MARC view: Magindanao, 1860-1888
Normal view MARC view ISBD view

Magindanao, 1860-1888 (Record no. 17108)

[ view plain ]
MARC details
000 -LEADER
fixed length control field 01207cam a22003734a 4500
001 - CONTROL NUMBER
control field 14960352
003 - CONTROL NUMBER IDENTIFIER
control field OSt
005 - DATE AND TIME OF LATEST TRANSACTION
control field 20140310182902.0
008 - FIXED-LENGTH DATA ELEMENTS--GENERAL INFORMATION
fixed length control field 070810s2007 ph ab b 001 0deng
010 ## - LIBRARY OF CONGRESS CONTROL NUMBER
LC control number 2006425235
020 ## - INTERNATIONAL STANDARD BOOK NUMBER
International Standard Book Number 971271585X
040 ## - CATALOGING SOURCE
Original cataloging agency DLC
Transcribing agency DLC
Modifying agency DLC
042 ## - AUTHENTICATION CODE
Authentication code lcode
043 ## - GEOGRAPHIC AREA CODE
Geographic area code a-ph---
050 00 - LIBRARY OF CONGRESS CALL NUMBER
Classification number DS 666
Item number .Il27 2007
082 ## - DEWEY DECIMAL CLASSIFICATION NUMBER
-- FIL 959.97020924
Item number II27 2007
100 1# - MAIN ENTRY--PERSONAL NAME
Personal name Ileto, Reynaldo Clemeña.
245 10 - TITLE STATEMENT
Title Magindanao, 1860-1888
Remainder of title the career of Datu Utto of Buayan
Statement of responsibility, etc Ileto, Reynaldo C.
260 ## - PUBLICATION, DISTRIBUTION, ETC. (IMPRINT)
Place of publication, distribution, etc Manila
Name of publisher, distributor, etc Published and exclusively distributed by Anvil
Date of publication, distribution, etc c2007
300 ## - PHYSICAL DESCRIPTION
Extent 149 p.
Other physical details ill., maps
Dimensions 22 cm.
490 0# - SERIES STATEMENT
Series statement Anvil vintage
500 ## - GENERAL NOTE
General note Revision of the author's thesis (M.A.)--Cornell University, 1970.
504 ## - BIBLIOGRAPHY, ETC. NOTE
Bibliography, etc Includes bibliographical references (p. 135-141) and index.
521 ## - TARGET AUDIENCE NOTE
Target audience note
526 ## - STUDY PROGRAM INFORMATION NOTE
Reading level 1210L-1700L
541 ## - IMMEDIATE SOURCE OF ACQUISITION NOTE
-- 1
562 ## - COPY AND VERSION IDENTIFICATION NOTE
Number of copies 1
600 00 - SUBJECT ADDED ENTRY--PERSONAL NAME
Personal name Uto,
Titles and other words associated with a name Datu.
650 #0 - SUBJECT ADDED ENTRY--TOPICAL TERM
Topical term or geographic name as entry element Magindanao (Philippine people)
General subdivision History.
651 #0 - SUBJECT ADDED ENTRY--GEOGRAPHIC NAME
Geographic name Mindanao Island (Philippines)
General subdivision History.
906 ## - LOCAL DATA ELEMENT F, LDF (RLIN)
a 7
b cbc
c origode
d 3
e ncip
f 20
g y-gencatlg
942 ## - ADDED ENTRY ELEMENTS (KOHA)
Source of classification or shelving scheme Library of Congress Classification
Koha item type Books
Call number prefix Filipininana
Holdings
Withdrawn status Lost status Source of classification or shelving scheme Damaged status Home library Current library Shelving location Date acquired Total Checkouts Full call number Barcode Date last seen Copy number Price effective from Koha item type
    Library of Congress Classification   College Library College Library Filipiniana Section 11/05/2012   DS 666 .Il27 2007 c16002 05/08/2018 1 11/05/2012 Books

Magindanao, 1860-1888

APA

Ileto R. C., . (2007). Magindanao, 1860-1888. Manila: Published and exclusively distributed by Anvil.

Chicago

Ileto Reynaldo Clemeña, . 2007. Magindanao, 1860-1888. Manila: Published and exclusively distributed by Anvil.

Harvard

Ileto R. C., . (2007). Magindanao, 1860-1888. Manila: Published and exclusively distributed by Anvil.

MLA

Ileto Reynaldo Clemeña, . Magindanao, 1860-1888. Manila: Published and exclusively distributed by Anvil. 2007.

  • Place hold
  • Print
  • Cite
  • Add to your cart (remove)
  • Save record
    BIBTEX Dublin Core MARCXML MARC (non-Unicode/MARC-8) MARC (Unicode/UTF-8) MARC (Unicode/UTF-8, Standard) MODS (XML) RIS
  • More searches
    Search for this title in:
    Other Libraries (WorldCat) Other Databases (Google Scholar) Online Stores (Bookfinder.com) Open Library (openlibrary.org)

Exporting to Dublin Core...

SOUTHVILLE LIBRARY

Southville International School and Colleges Library

1281 Tropical Ave. Cor. Luxembourg St., BF Homes International, Las Pinas City

Tel. No. 8256374 / 252358 Loc. 117/146

Powered by Koha